000 00255nam a22001097a 4500
008 170123b xxu||||| |||| 00| 0 eng d
020 _a1133789021
041 _aeng
080 _23RD
_a618.2
245 _aMEDICAL-SURGICAL NURSING
_cWHITE, L
942 _2udc
_cBK
999 _c3357
_d3357